[Event "XIII Festival Marco Gerolamo Vida B"]
[Site "Vescovato ITA"]
[Date "2014.04.25"]
[Round "1"]
[White "Calvi, Luca"]
[Black "Gorini, Michele"]
[WhiteElo "1769"]
[BlackElo "1506"]
[Result "1-0"]
[PlyCount "21"]
[EventDate "2014.04.25"]

1. d4 b6 2. c4 Bb7 3. Nc3 e6 4. e4 Bb4 5. Bd3 Nf6 6. f3 d5 7. cxd5 exd5 8. e5
Nh5 9. Nh3 Qh4+ 10. Nf2 Qxd4 11. Bb5+ 1-0

[Event "XIII Festival Marco Gerolamo Vida B"]
[Site "Vescovato ITA"]
[Date "2014.04.25"]
[Round "1"]
[White "De Paoli, Emilio"]
[Black "Jirillo, Antonio"]
[WhiteElo "1780"]
[BlackElo "1591"]
[Result "1/2-1/2"]
[PlyCount "120"]
[EventDate "2014.04.25"]

1. e4 d5 2. exd5 Nf6 3. c4 c6 4. d4 cxd5 5. Nf3 Bg4 6. Qb3 Qb6 7. Qxb6 axb6 8.
Ne5 Bf5 9. Nc3 e6 10. Nb5 Bb4+ 11. Bd2 Bxd2+ 12. Kxd2 O-O 13. f3 Nc6 14. g4 Bg6
15. Nxg6 hxg6 16. g5 Nh5 17. cxd5 exd5 18. a3 Nf4 19. Nc7 Rac8 20. Ke3 Rxc7 21.
Kxf4 Nxd4 22. Bd3 Ne6+ 23. Kg4 Rfc8 24. Rad1 Nc5 25. Bc2 Rd8 26. b4 Ne6 27. Bb3
d4 28. Rhe1 Rd6 29. Re4 Rc3 30. Bxe6 fxe6 31. Rexd4 Rxd4+ 32. Rxd4 Rxa3 33. Rd6
b5 34. Rxe6 Kf7 35. Re5 Rd3 36. Rxb5 Rd4+ 37. Kg3 Rd7 38. Rb6 Re7 39. Kf4 Rc7
40. h4 Kg8 41. Ke5 Kf7 42. Kd5 Rd7+ 43. Rd6 Rc7 44. Kd4 b5 45. Kd3 Rc4 46. Rd4
Rc7 47. Rd5 Rb7 48. Rd6 Rb8 49. Kd4 Rc8 50. Kd3 Rc4 51. Rd4 Rc7 52. Ke4 Ke6 53.
f4 Rc1 54. Ke3 Rc3+ 55. Kd2 Rb3 56. Kc2 Rf3 57. Re4+ Kd5 58. Re7 Rxf4 59. Rxg7
Rxb4 60. Rxg6 Rxh4 1/2-1/2

[Event "XIII Festival Marco Gerolamo Vida B"]
[Site "Vescovato ITA"]
[Date "2014.04.25"]
[Round "1"]
[White "Folcini, Gaddo"]
[Black "Molinelli, Luigi"]
[WhiteElo "1620"]
[BlackElo "1271"]
[Result "1-0"]
[PlyCount "39"]
[EventDate "2014.04.25"]

1. e4 b6 2. Nc3 Bb7 3. Bc4 e6 4. d4 Bb4 5. Qg4 Qf6 6. Nf3 h5 7. Qf4 Qxf4 8.
Bxf4 Nf6 9. O-O d5 10. exd5 exd5 11. Rfe1+ Ne4 12. Bb3 c6 13. a3 Bxc3 14. bxc3
Nd7 15. Ng5 Ndf6 16. f3 Kf8 17. fxe4 Nxe4 18. Nxe4 dxe4 19. Rxe4 Re8 20. Bd6+
1-0

[Event "XIII Festival Marco Gerolamo Vida B"]
[Site "Vescovato ITA"]
[Date "2014.04.25"]
[Round "1"]
[White "Frignani, Alessandro"]
[Black "Guglielmetti, Oscar"]
[WhiteElo "1409"]
[BlackElo "1707"]
[Result "0-1"]
[PlyCount "61"]
[EventDate "2014.04.25"]

1. e4 g6 2. Bc4 d6 3. Qf3 Nf6 4. Qb3 e6 5. f3 Bg7 6. Ne2 O-O 7. a3 Nc6 8. Qd3
Ne5 9. Qb3 a6 10. a4 Bd7 11. d4 Nxc4 12. Qxc4 b5 13. axb5 Bxb5 14. Qb3 Bxe2 15.
Kxe2 Nh5 16. g3 Bxd4 17. Qd3 Qf6 18. c3 Bb6 19. Rxa6 e5 20. Ra3 Qe6 21. g4 Nf6
22. Be3 d5 23. Bxb6 Qxb6 24. b4 dxe4 25. Qe3 exf3+ 26. Kxf3 Qc6+ 27. Kg3 Qxh1
28. Rb3 Qd1 29. c4 Qxg4+ 30. Kf2 Ra2+ 31. Ke1 0-1

[Event "XIII Festival Marco Gerolamo Vida B"]
[Site "Vescovato ITA"]
[Date "2014.04.25"]
[Round "1"]
[White "Gallani, Angelo"]
[Black "Cecchini, Massimo S."]
[WhiteElo "1476"]
[BlackElo "1749"]
[Result "0-1"]
[PlyCount "100"]
[EventDate "2014.04.25"]

1. d4 d5 2. c4 c6 3. Nf3 Nf6 4. Nc3 dxc4 5. e4 b5 6. a3 Bb7 7. e5 Nd5 8. Be2 e6
9. O-O Nd7 10. Qc2 Be7 11. Rb1 Rc8 12. Be3 Qc7 13. Nd2 a6 14. Nde4 Nxc3 15.
bxc3 Bxa3 16. Ng5 Nf8 17. Bh5 g6 18. Bf3 Be7 19. Ne4 Nd7 20. Bf4 Nb6 21. Nd6+
Bxd6 22. exd6 Qd7 23. Be5 Rg8 24. Rfe1 c5 25. Bxb7 Qxb7 26. dxc5 Rxc5 27. Bf6
Kd7 28. Rbd1 Rd5 29. Rxd5 Qxd5 30. Be7 Nc8 31. Rd1 Qc6 32. Qb2 Nb6 33. Qd2 Qd5
34. Qd4 Qxd4 35. Rxd4 Nd5 36. Bh4 Kxd6 37. Bg3+ Kc6 38. f3 Rd8 39. Be1 Rd7 40.
Kf2 Nf6 41. Ke3 Rxd4 42. Kxd4 Nd5 43. Ke5 h5 44. h3 a5 45. Bd2 b4 46. cxb4 axb4
47. Kd4 Kb5 48. Bc1 c3 49. g4 hxg4 50. fxg4 b3 0-1

[Event "XIII Festival Marco Gerolamo Vida B"]
[Site "Vescovato ITA"]
[Date "2014.04.25"]
[Round "1"]
[White "Leone, Cataldo"]
[Black "Grudina, Marco"]
[WhiteElo "1588"]
[BlackElo "1769"]
[Result "0-1"]
[PlyCount "50"]
[EventDate "2014.04.25"]

1. e4 e5 2. Nf3 Nc6 3. d4 exd4 4. Nxd4 Bc5 5. Be3 Qf6 6. c3 Nge7 7. Bc4 Ne5 8.
Bb3 Qg6 9. Nf3 Qxg2 10. Bxf7+ Kf8 11. Nxe5 Qxh1+ 12. Ke2 Qxd1+ 13. Kxd1 Bxe3
14. fxe3 d6 15. Nd2 dxe5 16. Bc4 Nc6 17. Kc2 Ke7 18. Rg1 g6 19. Nf3 Be6 20. Bb5
Raf8 21. Be2 Rf6 22. h4 Rhf8 23. Ng5 Bg8 24. Kd3 Rf2 25. b4 Rd8+ 0-1

[Event "XIII Festival Marco Gerolamo Vida B"]
[Site "Vescovato ITA"]
[Date "2014.04.25"]
[Round "1"]
[White "Mantovani, Celso"]
[Black "Rizzi, Pietro"]
[WhiteElo "1026"]
[BlackElo "1597"]
[Result "0-1"]
[PlyCount "58"]
[EventDate "2014.04.25"]

1. d4 f5 2. Nf3 Nf6 3. e3 g6 4. h3 Bg7 5. Bc4 e6 6. a3 O-O 7. b4 b6 8. Bb2 Bb7
9. c3 d5 10. Ne5 dxc4 11. Nxc4 Qd5 12. Qe2 Qxg2 13. Qf1 Qxh1 14. Ncd2 Qxf1+ 15.
Nxf1 Bg2 16. h4 Bxf1 17. Kxf1 Ng4 18. Kg2 Nc6 19. Nd2 Rad8 20. f3 Nxe3+ 21. Kf2
f4 22. Ne4 e5 23. Rg1 exd4 24. c4 Ne5 25. Ng5 Nd3+ 26. Ke2 Nxb2 27. Ne6 d3+ 28.
Kf2 Nbd1+ 29. Ke1 Bc3# 0-1

[Event "XIII Festival Marco Gerolamo Vida B"]
[Site "Vescovato ITA"]
[Date "2014.04.25"]
[Round "1"]
[White "Pedoni, Lorenzo"]
[Black "Plucani, Germano"]
[WhiteElo "1719"]
[BlackElo "1410"]
[Result "1-0"]
[PlyCount "47"]
[EventDate "2014.04.25"]

1. d4 Nf6 2. c4 g6 3. Nc3 Bg7 4. e4 d6 5. Be2 O-O 6. Bg5 h6 7. Bh4 Nbd7 8. h3
e5 9. d5 a5 10. Bxf6 Nxf6 11. Nf3 Ne8 12. O-O f5 13. exf5 Bxf5 14. Bd3 Bxd3 15.
Qxd3 Kh7 16. Ne4 Nf6 17. Nfd2 Nxe4 18. Nxe4 Qh4 19. Rae1 Rf7 20. Re3 Kg8 21.
Rg3 Qh5 22. c5 Bf8 23. Rg4 Kg7 24. Ng3 1-0

[Event "XIII Festival Marco Gerolamo Vida B"]
[Site "Vescovato ITA"]
[Date "2014.04.25"]
[Round "1"]
[White "Zordan, Giovanni"]
[Black "Maraschi, Alberto"]
[WhiteElo "1691"]
[BlackElo "1318"]
[Result "1/2-1/2"]
[PlyCount "137"]
[EventDate "2014.04.25"]

1. e4 c6 2. Nf3 d5 3. exd5 cxd5 4. Bb5+ Bd7 5. Bxd7+ Nxd7 6. d4 Qa5+ 7. c3 Qa6
8. Bf4 g6 9. Nbd2 Bh6 10. Bxh6 Nxh6 11. Qb3 Nb6 12. a4 O-O 13. Qb5 Qxb5 14.
axb5 a5 15. Nb3 Nc4 16. Ra2 b6 17. Nbd2 Nd6 18. Ne5 Rfd8 19. Nc6 Rd7 20. Nb4
Nxb5 21. Nxd5 Rxd5 22. c4 Rxd4 23. cxb5 Rad8 24. b3 Ng4 25. h3 Nxf2 26. Rf1
Nd3+ 27. Ke2 Nf4+ 28. Rxf4 Rxf4 29. Nc4 Re4+ 30. Kf3 f5 31. Nxb6 Rb8 32. Nc4
Rxb5 33. Nxa5 e5 34. g4 Rf4+ 35. Kg3 Kg7 36. Ra3 Kh6 37. Nc4 Rd4 38. gxf5 gxf5
39. Ra6+ Kh5 40. Rb6 Rxb6 41. Nxb6 Rd3+ 42. Kg2 Rxb3 43. Nc4 e4 44. Nd6 Kg5 45.
h4+ Kf4 46. Nf7 e3 47. Ng5 e2 48. Kf2 Rb2 49. Nxh7 Kg4 50. Ng5 Kxh4 51. Nf3+
Kg4 52. Nd4 f4 53. Nc6 f3 54. Ne5+ Kf4 55. Nd3+ Ke4 56. Nxb2 Kd4 57. Ke1 Kc3
58. Na4+ Kc2 59. Nc5 Kc3 60. Ne4+ Kd4 61. Ng3 Kd3 62. Nh1 Ke3 63. Nf2 Kf4 64.
Nh1 Kg4 65. Kf2 Kh3 66. Ke1 Kg2 67. Nf2 Kg1 68. Nd3 Kh2 69. Kf2 1/2-1/2

[Event "XIII Festival Marco Gerolamo Vida B"]
[Site "Vescovato ITA"]
[Date "2014.04.25"]
[Round "2"]
[White "Bettini, Alessandro"]
[Black "Zordan, Giovanni"]
[WhiteElo "1752"]
[BlackElo "1691"]
[Result "1-0"]
[PlyCount "73"]
[EventDate "2014.04.25"]

1. d4 e6 2. Nf3 Nc6 3. e3 d6 4. Bd3 Nf6 5. O-O e5 6. dxe5 Nxe5 7. Nxe5 dxe5 8.
Bb5+ Bd7 9. Qe2 Bd6 10. Nc3 c6 11. Bd3 Qc7 12. e4 O-O-O 13. f3 h6 14. Be3 Kb8
15. Qf2 b6 16. a4 Bc8 17. Rfb1 Nd7 18. b4 Ka8 19. b5 Bc5 20. Bc4 Bxe3 21. Qxe3
f6 22. bxc6 Nb8 23. Nb5 Qxc6 24. Bd5 Rxd5 25. exd5 Qd7 26. c4 Na6 27. a5 Nc7
28. axb6 Nxb5 29. Rxb5 a6 30. Qb3 Bb7 31. Rba5 Qc8 32. c5 Kb8 33. c6 Bxc6 34.
dxc6 Qxc6 35. Rxa6 Qc5+ 36. Kf1 Rc8 37. Ra8+ 1-0

[Event "XIII Festival Marco Gerolamo Vida B"]
[Site "Vescovato ITA"]
[Date "2014.04.25"]
[Round "2"]
[White "Borghi, Dario"]
[Black "Gallani, Angelo"]
[WhiteElo "1747"]
[BlackElo "1476"]
[Result "1-0"]
[PlyCount "87"]
[EventDate "2014.04.25"]

1. c4 Nc6 2. g3 b6 3. Bg2 Bb7 4. Nc3 e6 5. d3 Nf6 6. Nf3 Be7 7. Rb1 O-O 8. O-O
d6 9. a3 Rb8 10. b4 a6 11. Bb2 d5 12. e3 dxc4 13. dxc4 Qxd1 14. Rfxd1 Rfd8 15.
Rxd8+ Nxd8 16. Rd1 Ne4 17. Nxe4 Bxe4 18. Nd4 Bxg2 19. Kxg2 c5 20. Nc2 Nb7 21.
Rd7 Bd6 22. f4 Kf8 23. Be5 Bxe5 24. fxe5 Ke8 25. Rc7 Rd8 26. Kf3 Rd7 27. Rc6
Nd8 28. Rxb6 Rd2 29. Ne1 cxb4 30. axb4 Ra2 31. Nd3 a5 32. b5 a4 33. Ra6 a3 34.
c5 Ra1 35. Ke4 Nb7 36. c6 Nc5+ 37. Nxc5 Rc1 38. Ra8+ Ke7 39. c7 Rxc5 40. c8=Q
Rxc8 41. Rxc8 Kd7 42. Ra8 Kc7 43. Rxa3 Kb6 44. Rb3 1-0

[Event "XIII Festival Marco Gerolamo Vida B"]
[Site "Vescovato ITA"]
[Date "2014.04.25"]
[Round "2"]
[White "Cecchini, Massimo S."]
[Black "Pedoni, Lorenzo"]
[WhiteElo "1749"]
[BlackElo "1719"]
[Result "0-1"]
[PlyCount "60"]
[EventDate "2014.04.25"]

1. d4 Nf6 2. c4 e6 3. Nc3 Bb4 4. f3 O-O 5. e4 d5 6. Bd3 dxe4 7. fxe4 Qxd4 8.
Nf3 Bxc3+ 9. bxc3 Qxc3+ 10. Qd2 Qxd2+ 11. Bxd2 Nc6 12. O-O e5 13. Bc3 Re8 14.
Rac1 b6 15. Bc2 Bb7 16. Rfe1 Nd7 17. Rcd1 Nc5 18. Rd2 f6 19. Red1 Rad8 20. Kf2
Rxd2+ 21. Rxd2 Rd8 22. Rxd8+ Nxd8 23. Ke3 a5 24. Nd2 Nde6 25. g3 Kf7 26. Nb3
Kg6 27. Bd2 Ba6 28. Bd3 Nxd3 29. Kxd3 a4 30. Nc1 Nc5+ 0-1

[Event "XIII Festival Marco Gerolamo Vida B"]
[Site "Vescovato ITA"]
[Date "2014.04.25"]
[Round "2"]
[White "Gorini, Michele"]
[Black "Mantovani, Celso"]
[WhiteElo "1506"]
[BlackElo "1026"]
[Result "1-0"]
[PlyCount "97"]
[EventDate "2014.04.25"]

1. Nf3 d5 2. b3 e6 3. Bb2 Nf6 4. g3 c6 5. Bg2 Bd6 6. O-O O-O 7. d3 b5 8. Nbd2
a5 9. c4 Bb7 10. Qc2 b4 11. c5 Be7 12. Be5 Nbd7 13. d4 h6 14. Bxf6 Bxf6 15. e3
Ba6 16. Rfe1 Re8 17. Rad1 Bb5 18. e4 e5 19. dxe5 Nxe5 20. Nxe5 Bxe5 21. exd5
cxd5 22. Nf3 Bc3 23. Rxe8+ Bxe8 24. Qd3 Bc6 25. Nd4 Rc8 26. Nxc6 Qd7 27. Qxd5
Qxc6 28. Qxc6 Rxc6 29. Bxc6 g6 30. Bf3 Bf6 31. c6 Be5 32. Rd7 Kg7 33. c7 Bxc7
34. Rxc7 g5 35. Ra7 Kg6 36. Rxa5 h5 37. h3 f6 38. Rb5 Kh6 39. Rxb4 Kg6 40. a4
Kh6 41. a5 Kg6 42. Be4+ Kg7 43. a6 Kh6 44. Rb7 g4 45. h4 f5 46. Rb6+ Kg7 47.
Bxf5 Kf8 48. Rb7 Ke8 49. a7 1-0

[Event "XIII Festival Marco Gerolamo Vida B"]
[Site "Vescovato ITA"]
[Date "2014.04.25"]
[Round "2"]
[White "Grudina, Marco"]
[Black "Folcini, Gaddo"]
[WhiteElo "1769"]
[BlackElo "1620"]
[Result "0-1"]
[PlyCount "62"]
[EventDate "2014.04.25"]

1. e4 e5 2. Nf3 d5 3. exd5 e4 4. Qe2 Nf6 5. d3 Bf5 6. c4 Bb4+ 7. Bd2 Qd6 8. Nd4
Bg6 9. f3 Qb6 10. Bxb4 Qxb4+ 11. Nc3 Qb6 12. Nb3 O-O 13. dxe4 Nbd7 14. Qf2 c5
15. Be2 Rae8 16. O-O Nh5 17. g3 f5 18. exf5 Bxf5 19. Qg2 Qh6 20. f4 Nhf6 21. g4
Rxe2 22. Nxe2 Nxg4 23. Qg3 Re8 24. Nc3 Re3 25. Qg2 Rh3 26. Rfe1 Rxh2 27. Qf3
Rh3 28. Qg2 Qh4 29. Re8+ Nf8 30. Ne2 Rh1+ 31. Qxh1 Qf2# 0-1

[Event "XIII Festival Marco Gerolamo Vida B"]
[Site "Vescovato ITA"]
[Date "2014.04.25"]
[Round "2"]
[White "Guglielmetti, Oscar"]
[Black "Calvi, Luca"]
[WhiteElo "1707"]
[BlackElo "1769"]
[Result "0-1"]
[PlyCount "117"]
[EventDate "2014.04.25"]

1. Nf3 Nf6 2. g3 g6 3. Bg2 Bg7 4. d3 d5 5. O-O O-O 6. Nc3 c6 7. e4 Bg4 8. h3
Bxf3 9. Bxf3 e6 10. Bg2 d4 11. Ne2 e5 12. f4 exf4 13. Nxf4 Nbd7 14. Bd2 Qb6 15.
b3 Rac8 16. a4 Qc7 17. Qe2 Rce8 18. Qf2 b6 19. Ne2 c5 20. g4 Ne5 21. Bf4 Qe7
22. Bg5 Ned7 23. Bh4 h6 24. Rae1 g5 25. Bg3 Ne5 26. Bh2 Qe6 27. Ng3 Ng6 28. Nf5
Ne5 29. Nxh6+ Bxh6 30. Qxf6 Nd7 31. Qf5 Re7 32. Rf2 Rfe8 33. Ref1 Qxf5 34. Rxf5
f6 35. Bd6 Rh7 36. e5 fxe5 37. Bd5+ Kh8 38. Bc6 Re6 39. Bxd7 Rxd6 40. Rf7 Rxd7
41. R7f5 Rde7 42. Re1 Kg8 43. Kg2 Rhf7 44. Kf3 Rxf5+ 45. gxf5 Kf7 46. Ke4 Kf6
47. Rg1 Rh7 48. h4 gxh4 49. Rg6+ Kf7 50. Kxe5 h3 51. Rg1 h2 52. Rh1 Bg7+ 53.
Kf4 Kf6 54. Kg4 Bf8 55. Kg3 Bd6+ 56. Kg2 Rg7+ 57. Kf1 Bf4 58. Kf2 Be3+ 59. Kf3
0-1

[Event "XIII Festival Marco Gerolamo Vida B"]
[Site "Vescovato ITA"]
[Date "2014.04.25"]
[Round "2"]
[White "Jirillo, Antonio"]
[Black "Barbisotti, Fabio"]
[WhiteElo "1591"]
[BlackElo "1503"]
[Result "0-1"]
[PlyCount "72"]
[EventDate "2014.04.25"]

1. Nf3 d6 2. c4 e5 3. Nc3 Nf6 4. d3 b6 5. e4 Be7 6. Be2 O-O 7. Bg5 Nbd7 8. O-O
Bb7 9. Qc2 Ne8 10. Bxe7 Qxe7 11. a4 a5 12. Rab1 c5 13. Nb5 Nb8 14. Nd2 Nc6 15.
f4 Ba6 16. f5 Nb4 17. Qd1 Bxb5 18. axb5 a4 19. Rf3 Nf6 20. Rg3 a3 21. bxa3 Rxa3
22. Nf3 Rfa8 23. Qd2 Ra2 24. Qh6 g6 25. fxg6 fxg6 26. Bf1 Qg7 27. Qg5 Nh5 28.
Rg4 Nf4 29. Ne1 Qf8 30. h4 Nh3+ 31. Kh2 Nxg5 32. Rxg5 Qxf1 33. h5 Qf4+ 34. Rg3
Ra1 35. Rxa1 Rxa1 36. Nf3 Rh1+ 0-1

[Event "XIII Festival Marco Gerolamo Vida B"]
[Site "Vescovato ITA"]
[Date "2014.04.25"]
[Round "2"]
[White "Leone, Cataldo"]
[Black "Frignani, Alessandro"]
[WhiteElo "1588"]
[BlackElo "1409"]
[Result "1-0"]
[PlyCount "75"]
[EventDate "2014.04.25"]

1. e4 e5 2. f4 exf4 3. Nf3 g5 4. Bc4 d6 5. d4 Bg4 6. O-O Bg7 7. c3 Ne7 8. Bxf7+
Kf8 9. Qb3 Bxf3 10. Rxf3 Nbc6 11. g3 Ng6 12. gxf4 g4 13. Rf2 Na5 14. Qe6 Nh4
15. f5 Nf3+ 16. Kf1 Qe7 17. Qxe7+ Kxe7 18. Bh5 Bf6 19. Bxg4 Ng5 20. Bxg5 Bxg5
21. Nd2 h5 22. Bh3 Rag8 23. Re1 Nc6 24. Nf3 Bf4 25. Nh4 Bg5 26. Ng6+ Kf6 27.
Nxh8 Bh4 28. Ng6 Bxf2 29. Kxf2 Re8 30. Kf3 Na5 31. e5+ dxe5 32. dxe5+ Kf7 33.
Kf4 Nc4 34. Kg5 Nxb2 35. e6+ Kg7 36. f6+ Kh7 37. f7 Rxe6 38. Rxe6 1-0

[Event "XIII Festival Marco Gerolamo Vida B"]
[Site "Vescovato ITA"]
[Date "2014.04.25"]
[Round "2"]
[White "Maffeo, Mauro"]
[Black "Rizzi, Pietro"]
[WhiteElo "1746"]
[BlackElo "1597"]
[Result "1-0"]
[PlyCount "67"]
[EventDate "2014.04.25"]

1. d4 f5 2. e3 Nf6 3. Bd3 d5 4. f4 e6 5. Nf3 c5 6. c3 Nc6 7. O-O Be7 8. Nbd2
Bd7 9. Ne5 Qc7 10. Ndf3 Ng4 11. Nxg4 fxg4 12. Ne5 Nxe5 13. fxe5 O-O-O 14. Qxg4
g6 15. Rf7 Rde8 16. Bd2 Kb8 17. Raf1 Qd8 18. Qh3 Ref8 19. Rxh7 Rxf1+ 20. Bxf1
Rf8 21. Qh6 Bc8 22. Qg7 Bg5 23. Qxg6 cxd4 24. cxd4 Be7 25. Rf7 Qe8 26. Rg7 Qd8
27. Qh7 Rh8 28. Qg6 Re8 29. Bb5 Rf8 30. Qd3 Rf5 31. Qe2 Qf8 32. Rg4 Qf7 33. Rf4
Qg6 34. Bd3 1-0

[Event "XIII Festival Marco Gerolamo Vida B"]
[Site "Vescovato ITA"]
[Date "2014.04.25"]
[Round "2"]
[White "Maraschi, Alberto"]
[Black "Brugaletta, Giorgio"]
[WhiteElo "1318"]
[BlackElo "1750"]
[Result "0-1"]
[PlyCount "80"]
[EventDate "2014.04.25"]

1. e4 c5 2. Nf3 Nc6 3. Bb5 a6 4. Bxc6 dxc6 5. b3 Bg4 6. d3 e6 7. Bb2 Nf6 8. O-O
Be7 9. Nbd2 O-O 10. Qe1 Qc7 11. Nc4 Bxf3 12. gxf3 Qf4 13. Qe3 Qh4 14. Kh1 b5
15. Ne5 Bd6 16. f4 Nh5 17. Nf3 Qxf4 18. Qxf4 Bxf4 19. Rg1 f6 20. Rg4 Kf7 21.
Ba3 b4 22. Bb2 e5 23. Rag1 g5 24. h4 h6 25. Kg2 Rg8 26. hxg5 hxg5 27. Rh1 Rh8
28. Ng1 Rh7 29. Nh3 Rah8 30. Rd1 Ke6 31. Nxf4+ Nxf4+ 32. Kf3 Rh2 33. Bc1 R8h3+
34. Rg3 Rxg3+ 35. Kxg3 Rg2+ 36. Kf3 g4+ 37. Ke3 f5 38. exf5+ Kxf5 39. Rd2 Rg1
40. Bb2 Re1+ 0-1

[Event "XIII Festival Marco Gerolamo Vida B"]
[Site "Vescovato ITA"]
[Date "2014.04.25"]
[Round "2"]
[White "Plucani, Germano"]
[Black "Bettini, Sofia"]
[WhiteElo "1410"]
[BlackElo "1302"]
[Result "1-0"]
[PlyCount "71"]
[EventDate "2014.04.25"]

1. d4 d5 2. Nf3 c6 3. e3 Bf5 4. c4 e6 5. Qb3 Qc7 6. Nc3 Nf6 7. cxd5 exd5 8. Bd2
Nbd7 9. Be2 Ne4 10. h3 Be7 11. O-O O-O 12. Rfc1 Nxd2 13. Nxd2 b6 14. Nxd5 Qd6
15. Nxe7+ Qxe7 16. Rxc6 Rac8 17. Rac1 Nf6 18. Rxc8 Bxc8 19. Bf3 Be6 20. Qa4 a5
21. a3 Bd7 22. Qd1 b5 23. Nb3 a4 24. Nc5 Rc8 25. Nxd7 Qxd7 26. Rxc8+ Qxc8 27.
Qd2 h6 28. Qc3 Qf5 29. Qb4 Nh7 30. Bc6 Qb1+ 31. Kh2 Qc2 32. Bxb5 Ng5 33. Kg1
Qc1+ 34. Bf1 Ne4 35. Qxa4 Qxb2 36. Qe8+ 1-0

[Event "XIII Festival Marco Gerolamo Vida B"]
[Site "Vescovato ITA"]
[Date "2014.04.25"]
[Round "2"]
[White "Raimondi, Celso"]
[Black "Pagani, Fausto"]
[WhiteElo "1667"]
[BlackElo "1478"]
[Result "0-1"]
[PlyCount "86"]
[EventDate "2014.04.25"]

1. d4 d5 2. c4 c6 3. Nc3 Nf6 4. e3 a6 5. Bd3 dxc4 6. Bxc4 b5 7. Bd3 e6 8. Nf3
Nbd7 9. e4 c5 10. Bg5 h6 11. Bh4 Be7 12. Rc1 Bb7 13. e5 Nd5 14. Bxe7 Qxe7 15.
Ne4 O-O 16. Nd6 c4 17. Nxb7 cxd3 18. Nd6 f6 19. Qxd3 Nf4 20. Qf1 fxe5 21. dxe5
Nxe5 22. Nxe5 Qxd6 23. Nf3 Qb4+ 24. Rc3 Qxb2 25. Rd3 Nxd3+ 26. Qxd3 Rfd8 27.
Qe3 Qxa2 28. O-O b4 29. Nd4 Re8 30. h3 Rac8 31. Qe5 Qd5 32. Qe3 Rc3 33. Qd2 e5
34. Nf3 Qxd2 35. Nxd2 a5 36. Ra1 Ra8 37. Nf3 e4 38. Nd4 Rd3 39. Nc6 b3 40. Rb1
a4 41. Nb4 a3 42. Nxd3 a2 43. Ra1 exd3 0-1

[Event "XIII Festival Marco Gerolamo Vida B"]
[Site "Vescovato ITA"]
[Date "2014.04.25"]
[Round "2"]
[White "Takahashi, Saera"]
[Black "De Paoli, Emilio"]
[WhiteElo "1474"]
[BlackElo "1780"]
[Result "1-0"]
[PlyCount "139"]
[EventDate "2014.04.25"]

1. Nf3 Nf6 2. g3 g6 3. Bg2 Bg7 4. O-O O-O 5. c3 d6 6. d3 c5 7. Nbd2 Nbd7 8. Re1
Rb8 9. a3 b6 10. e4 Bb7 11. h3 Qc7 12. Nf1 Rbd8 13. N3h2 e5 14. Ne3 Rfe8 15.
Nhg4 Qb8 16. Qc2 h6 17. Qe2 Kh7 18. h4 Bc8 19. Rb1 Nxg4 20. Nxg4 Nf6 21. Bf3
Nxg4 22. Bxg4 Bxg4 23. Qxg4 Qc8 24. Qf3 Rf8 25. Qg2 c4 26. Rd1 cxd3 27. Rxd3
Qe6 28. b3 f5 29. c4 Rf7 30. Bd2 Rdf8 31. Be1 fxe4 32. Qxe4 h5 33. Rbd1 Qf5 34.
Qg2 Rd8 35. Rxd6 Rxd6 36. Rxd6 Qb1 37. Kf1 e4 38. Re6 Qd3+ 39. Kg1 Bd4 40. Qf1
Qxg3+ 41. Qg2 Qxg2+ 42. Kxg2 Bc5 43. Rxe4 Bxa3 44. f3 Bb2 45. Bd2 Bg7 46. Be3
Rd7 47. b4 Bf8 48. b5 Rc7 49. Bf4 Rd7 50. Be3 Bc5 51. Bxc5 bxc5 52. Re5 Rc7 53.
Rd5 Kg7 54. Rd6 Kf7 55. f4 Kg7 56. Kf3 Kf7 57. Ke4 Re7+ 58. Kd5 Re1 59. Rd7+
Ke8 60. Rxa7 Rf1 61. Ke6 Re1+ 62. Kd5 Rf1 63. Rg7 Rxf4 64. Rxg6 Kf7 65. Rc6
Rxh4 66. Rxc5 Rh1 67. b6 Rd1+ 68. Kc6 h4 69. b7 Rd8 70. Kc7 1-0

[Event "XIII Festival Marco Gerolamo Vida B"]
[Site "Vescovato ITA"]
[Date "2014.04.26"]
[Round "3"]
[White "Barbisotti, Fabio"]
[Black "Grudina, Marco"]
[WhiteElo "1503"]
[BlackElo "1769"]
[Result "1/2-1/2"]
[PlyCount "72"]
[EventDate "2014.04.25"]

1. Nf3 d5 2. g3 c5 3. Bg2 Nc6 4. d4 cxd4 5. Nxd4 e5 6. Nb3 Be6 7. O-O Nf6 8.
Bg5 Be7 9. Nc3 d4 10. Bxf6 Bxf6 11. Ne4 Be7 12. Rc1 O-O 13. c3 Qb6 14. cxd4
Bxb3 15. Qxb3 Qxb3 16. axb3 exd4 17. Nc5 Bxc5 18. Rxc5 Rab8 19. Rd1 g6 20. Rc4
Rfd8 21. b4 Rd6 22. Bxc6 bxc6 23. Rdxd4 Rxd4 24. Rxd4 c5 25. bxc5 Rxb2 26. Ra4
Rxe2 27. Rxa7 Rc2 28. Rc7 Kg7 29. Kg2 Kf6 30. h4 h5 31. c6 Ke6 32. Kf3 Rc4 33.
Ke3 Rc5 34. Ke4 Re5+ 35. Kd4 Rd5+ 36. Ke4 Re5+ 1/2-1/2

[Event "XIII Festival Marco Gerolamo Vida B"]
[Site "Vescovato ITA"]
[Date "2014.04.26"]
[Round "3"]
[White "Bettini, Sofia"]
[Black "Gallani, Angelo"]
[WhiteElo "1302"]
[BlackElo "1476"]
[Result "1-0"]
[PlyCount "49"]
[EventDate "2014.04.25"]

1. d4 d5 2. Nf3 Nf6 3. g3 e6 4. Bg2 c5 5. e3 Nc6 6. b3 cxd4 7. exd4 Bd6 8. Bb2
O-O 9. O-O b6 10. Nbd2 Qc7 11. Re1 Re8 12. Ne5 Nd7 13. Nxc6 Qxc6 14. c4 Nf6 15.
Rc1 Qd7 16. Nf3 Bb7 17. Ne5 Qd8 18. c5 bxc5 19. dxc5 Bxe5 20. Bxe5 Bc6 21. a4
a5 22. Rb1 Nd7 23. Bc3 Nxc5 24. Qd4 Ne4 25. Qxg7# 1-0

[Event "XIII Festival Marco Gerolamo Vida B"]
[Site "Vescovato ITA"]
[Date "2014.04.26"]
[Round "3"]
[White "Brugaletta, Giorgio"]
[Black "Bettini, Alessandro"]
[WhiteElo "1750"]
[BlackElo "1752"]
[Result "1/2-1/2"]
[PlyCount "24"]
[EventDate "2014.04.25"]

1. e4 Nc6 2. d4 d5 3. e5 f6 4. Nf3 Bg4 5. Bb5 Qd7 6. O-O fxe5 7. dxe5 e6 8. c4
O-O-O 9. cxd5 Qxd5 10. Qxd5 exd5 11. Ng5 Nh6 12. Bf4 Nd4 1/2-1/2

[Event "XIII Festival Marco Gerolamo Vida B"]
[Site "Vescovato ITA"]
[Date "2014.04.26"]
[Round "3"]
[White "Calvi, Luca"]
[Black "Takahashi, Saera"]
[WhiteElo "1769"]
[BlackElo "1474"]
[Result "1-0"]
[PlyCount "95"]
[EventDate "2014.04.25"]

1. d4 Nf6 2. c4 e6 3. Nc3 d6 4. e4 Be7 5. Bd3 Nbd7 6. Nge2 c6 7. O-O O-O 8. f4
Qc7 9. e5 dxe5 10. fxe5 Ne8 11. Ng3 g6 12. Bh6 Ng7 13. Nce4 c5 14. Qg4 f5 15.
exf6 Nxf6 16. Nxf6+ Bxf6 17. Kh1 e5 18. Qf3 Be7 19. Qd5+ Be6 20. Qxe5 Bd6 21.
Qxg7+ Qxg7 22. Bxg7 Rxf1+ 23. Rxf1 Kxg7 24. d5 Bd7 25. Ne4 Bf5 26. Rxf5 gxf5
27. Nxd6 f4 28. Kg1 b6 29. Kf2 Rd8 30. Nf5+ Kf6 31. Kf3 Ke5 32. Ne7 Rd7 33.
Nc6+ Kd6 34. Kxf4 a6 35. g4 Rf7+ 36. Bf5 h6 37. h4 b5 38. b3 bxc4 39. bxc4 Rb7
40. g5 h5 41. g6 Rb2 42. Kg5 Rg2+ 43. Kxh5 Rg3 44. Kh6 a5 45. Nxa5 Ke7 46. g7
Kf7 47. Be6+ Kf6 48. g8=Q 1-0

[Event "XIII Festival Marco Gerolamo Vida B"]
[Site "Vescovato ITA"]
[Date "2014.04.26"]
[Round "3"]
[White "De Paoli, Emilio"]
[Black "Maraschi, Alberto"]
[WhiteElo "1780"]
[BlackElo "1318"]
[Result "1-0"]
[PlyCount "61"]
[EventDate "2014.04.25"]

1. e4 c6 2. d4 d5 3. Nc3 dxe4 4. Nxe4 Bf5 5. Ng3 Bg6 6. N1e2 h6 7. Nf4 Bh7 8.
Bc4 Nf6 9. O-O e6 10. Qe2 Nd5 11. Ngh5 g5 12. Nxe6 fxe6 13. Qxe6+ Be7 14. Bxd5
Qxd5 15. Nf6+ Kd8 16. Nxd5 cxd5 17. Qxd5+ Nd7 18. Qxb7 Rb8 19. Qxa7 Bxc2 20.
Bd2 Bd3 21. Ba5+ Ke8 22. Rfe1 Rf8 23. b3 g4 24. d5 g3 25. hxg3 Rxf2 26. Kxf2
Rc8 27. Rxe7+ Kxe7 28. Qe3+ Kd6 29. Qxd3 Ne5 30. Qa6+ Kd7 31. Qe6# 1-0

[Event "XIII Festival Marco Gerolamo Vida B"]
[Site "Vescovato ITA"]
[Date "2014.04.26"]
[Round "3"]
[White "Folcini, Gaddo"]
[Black "Maffeo, Mauro"]
[WhiteElo "1620"]
[BlackElo "1746"]
[Result "0-1"]
[PlyCount "70"]
[EventDate "2014.04.25"]

1. e4 e6 2. d4 d5 3. Nc3 Nf6 4. Bg5 Be7 5. e5 Nfd7 6. Bxe7 Qxe7 7. Bd3 a6 8.
Qg4 O-O 9. h4 f5 10. Qg3 c5 11. Nf3 Nc6 12. Qf4 cxd4 13. Ne2 Qb4+ 14. Kf1 Qxb2
15. Re1 Nc5 16. g3 Nxd3 17. cxd3 Qb6 18. Qg5 Qd8 19. Kg2 Bd7 20. Qf4 Rc8 21. h5
Qe7 22. h6 g6 23. Nh4 g5 24. Qf3 Nxe5 25. Qh5 Be8 26. Nxf5 Qf6 27. Ne7+ Qxe7
28. Qh3 Nxd3 29. Nxd4 Nxe1+ 30. Rxe1 Qf6 31. Kh1 Qxd4 32. Qxe6+ Bf7 33. Qe7 Rc6
34. Qxg5+ Rg6 35. Qh4 Qxh4+ 0-1